00825nam a22002417a 450000500170000001000130001702000220003003500130005203700160006504000120008108200180009310000260011124500500013726000410018727000410022830000240026950000200029365000290031365000200034294200270036299900190038995201750040820170124105930.0 aA-780228 c300.00a817039208 aA-780228 bCen Lib/Ret aDPLbEN a321.8043bALE aAlexander, P.C.98028 aThe perils of democracy /cby P.C. Alexander  aBombay bSomaiya Publications c1995 a172, Mumbai MarathibBombay e400014 aix, 304p.c21cm(Hb) aIncludes index  aPolitical science972265 aDemocracy 9826 2ddccENh321.8043mALE c123786d123786 04102ddc40708NFICaLbLd2015-06-12eCen Lib/Retg300.00l0o321.8043 AlEpA-780228r2015-06-12 00:00:00t1v300.00w2015-06-12yENzW/d List No. 6845/13 : dtd 9/7/20